Sports Quiz

Random Sports or MLB Quiz

Top 100 MLB Home Run Leaders 2016 Quiz Stats

 Plays Quiz not verified by Sporcle

Challenge
Share
Tweet
Embed
Score 0/100 Timer 15:00
1 Play Today
Home runs Answer % Correct
42Khris Davis
98.5%
47Mark Trumbo
97.7%
43Nelson Cruz
97.7%
38Chris Davis
97.7%
42Brian Dozier
94.7%
39Kris Bryant
94%
38Miguel Cabrera
93.2%
37Josh Donaldson
93.2%
41Nolan Arenado
92.5%
36Evan Longoria
92.5%
22Asdrubal Cabrera
92.5%
39Robinson Cano
91.7%
37Manny Machado
91.7%
42Edwin Encarnacion
90.2%
38David Ortiz
90.2%
32Anthony RIzzo
90.2%
33Freddie Freeman
89.5%
39Todd Frazier
87.2%
32Adrian Beltre
87.2%
29Mike Trout
87.2%
30Kyle Seager
86.5%
26Corey Seager
85.7%
20Russell Martin
85.7%
41Chris Carter
85%
33Jay Bruce
85%
31Mookie Betts
85%
22Jose Bautista
85%
24Paul Goldschmidt
84.2%
29Joey Votto
83.5%
27Victor Martinez
83.5%
24Bryce Harper
83.5%
22JD Martinez
83.5%
31Albert Pujols
82.7%
30Ryan Braun
82%
Home runs Answer % Correct
31Yoenis Cespedes
81.2%
34Matt Kemp
80.5%
29Adam Jones
80.5%
24Jose Altuve
80.5%
30Hanley Ramirez
79.7%
24Jose Abreu
79.7%
20Carlos Correa
79.7%
33Rougned Odor
78.9%
27Giancarlo Stanton
78.9%
25Carlos Gonzalez
77.4%
31Justin Upton
76.7%
29George Springer
76.7%
25Eric Hosmer
75.9%
29Charlie Blackmon
74.4%
33Carlos Santana
73.7%
24Andrew Mccutchen
73.7%
27Justin Turner
72.9%
21Matt Carpenter
70.7%
33Adam Duvall
69.9%
34Mike Napoli
69.2%
30Curtis Granderson
69.2%
25Daniel Murphy
69.2%
24Troy Tulowitzki
69.2%
31Evan Gattis
68.4%
27Ian Kinsler
68.4%
28WIl Myers
67.7%
30Kendrys Morales
66.9%
21Christian Yelich
66.9%
20Xander Bogaerts
66.9%
21Salvador Perez
65.4%
27Trevor Story
64.7%
23Marcell Ozuna
62.4%
20Gary Sanchez
62.4%
29Jake Lamb
60.9%
Home runs Answer % Correct
25Miguel Sano
60.9%
21Jayson Werth
60.9%
21Addison Russell
60.9%
29Carlos Beltran
59.4%
25Jonathan Schoop
58.6%
23Jason Kipnis
58.6%
21Starlin Castro
57.9%
31Yasmany Tomas
56.4%
25Joc Pederson
56.4%
22Gregory Polanco
56.4%
30Brad Miller
55.6%
22Ian Desmond
55.6%
22Mitch Moreland
53.4%
24Maikel Franco
51.9%
22Stephen Piscotty
51.1%
20 Didi Gregorius
50.4%
22Wilson Ramos
48.9%
27Yasmani Grandal
48.1%
24Corey Dickerson
47.4%
30Jedd Gyorko
46.6%
24Jonathan Lucroy
45.1%
24Michael Saunders
44.4%
23Randal Grichuk
42.9%
28Brandon Moss
42.1%
23Neil Walker
41.4%
27Marcus Semien
36.8%
22Pedro Alvarez
35.3%
21Jung Ho Kang
35.3%
24Danny Espinosa
32.3%
21Tommy Joseph
27.8%
21Eugenio Suarez
27.8%
26Jackie Bradley Jr.
24.1%

You're not logged in!

Compare scores with friends on all Sporcle quizzes.
OR
Log In

You Might Also Like...

Show Comments

Extras

Created Apr 20, 2017ReportNominate
Tags:MLB Quiz, 100, 2016, home, leader, run, team, Top 100

Top Quizzes Today


Score Distribution

Your Account Isn't Verified!

In order to create a playlist on Sporcle, you need to verify the email address you used during registration. Go to your Sporcle Settings to finish the process.

Report this User

Report this user for behavior that violates our Community Guidelines.

Details: